| 000 | 00451cam a22001814a 4500 | ||
|---|---|---|---|
| 005 | 20250605164255.0 | ||
| 008 | 250528s ||||||||||||||||||||||||d | ||
| 035 | _a21919 | ||
| 040 |
_aGR-AtMCL _bgre _dGR-AtMCL _eAACR2 |
||
| 245 | 1 | _aΤΟ ΒΙΒΛΙΟ ΤΟΥ ΦΩΤΟΓΡΑΦΟΥ | |
| 250 | _a2 | ||
| 260 |
_bΜωρεσοπουλος, _c1992 |
||
| 300 | _a352 | ||
| 700 | 1 |
_aHedgecoe John _94907 |
|
| 942 | _cBK | ||
| 999 |
_c6976 _d6976 |
||